Anarkali : (Record no. 330771)

000 -LEADER
fixed length control field 01111cam a2200301 a 4500
001 - CONTROL NUMBER
control field 13359604
003 - CONTROL NUMBER IDENTIFIER
control field NUST
005 - DATE AND TIME OF LATEST TRANSACTION
control field 20170806111203.0
008 - FIXED-LENGTH DATA ELEMENTS--GENERAL INFORMATION
fixed length control field 030424s2002 pk ab 000 0 eng
010 ## - LIBRARY OF CONGRESS CONTROL NUMBER
LC control number 2003341185
020 ## - INTERNATIONAL STANDARD BOOK NUMBER
International Standard Book Number 9693513843
Terms of availability Rs. 600
025 ## - OVERSEAS ACQUISITION NUMBER
Overseas acquisition number P-E-2003341185; 07; 12
035 ## - SYSTEM CONTROL NUMBER
System control number (DLC) 2003341185
040 ## - CATALOGING SOURCE
Original cataloging agency DLC
Transcribing agency DLC
Modifying agency WaU
042 ## - AUTHENTICATION CODE
Authentication code lcode
-- pcc
043 ## - GEOGRAPHIC AREA CODE
Geographic area code a-pk---
-- a-ii---
050 00 - LIBRARY OF CONGRESS CALL NUMBER
Classification number DS392.2.L3
Item number C43 2002
082 ## - DEWEY DECIMAL CLASSIFICATION NUMBER
Classification number 954.9145
Author Mark CHA
100 1# - MAIN ENTRY--PERSONAL NAME
Personal name Chaudhry, Nazir Ahmad.
9 (RLIN) 3745
245 10 - TITLE STATEMENT
Title Anarkali :
Remainder of title archives and tomb of Sahib Jamal : a study in perspective /
Statement of responsibility, etc. Nazir Ahmad Chaudhry.
260 ## - PUBLICATION, DISTRIBUTION, ETC.
Place of publication, distribution, etc. Lahore :
Name of publisher, distributor, etc. Sang-e-Meel Publications,
Date of publication, distribution, etc. 2002.
300 ## - PHYSICAL DESCRIPTION
Extent 80 p. :
Other physical details ill. (some col.), maps ;
Dimensions 28 cm.
504 ## - BIBLIOGRAPHY, ETC. NOTE
Bibliography, etc. note Includes bibliographical references (p. 77-78) and index.
610 10 - SUBJECT ADDED ENTRY--CORPORATE NAME
Corporate name or jurisdiction name as entry element Punjab (India).
Subordinate unit Record Office
General subdivision History.
9 (RLIN) 3746
650 #0 - SUBJECT ADDED ENTRY--TOPICAL TERM
Topical term or geographic name entry element Tomb of Anarkali (Lahore, Pakistan)
9 (RLIN) 3747
906 ## - LOCAL DATA ELEMENT F, LDF (RLIN)
a 7
b cbc
c origode
d 3
e ncip
f 20
g y-gencatlg
942 ## - ADDED ENTRY ELEMENTS (KOHA)
Source of classification or shelving scheme
Koha item type Book
Holdings
Withdrawn status Lost status Source of classification or shelving scheme Damaged status Not for loan Permanent Location Current Location Shelving location Date acquired Total Checkouts Full call number Barcode Date last seen Date last checked out Copy number Price effective from Koha item type Source of acquisition
          Central Library (CL) Central Library (CL) Book Cart 08/06/2017 1 954.9145 JAM CL2753 10/25/2021 08/23/2021 1 08/06/2017 Book  
          Central Library (CL) Central Library (CL)   02/12/2025   954.9145 JAM CL-D-2671 02/14/2025     02/12/2025 Book Donation
© 2023 Central Library, National University of Sciences and Technology. All Rights Reserved.